|
|
|
|
| LEADER |
00000nam a2200000 a 4500 |
| 005 |
20150515144816.0 |
| 007 |
cr ||||||||||| |
| 008 |
150511s2014 sp b 000 0 spa c |
| 020 |
|
|
|a 9788490851968
|
| 035 |
|
|
|a 12691
|
| 040 |
|
|
|a ES-TaURV
|b cat
|c ES-TaURV
|d vLex
|
| 090 |
|
|
|c 5423
|d 5423
|
| 100 |
1 |
|
|a Přez Arias, Jacinto
|
| 245 |
1 |
0 |
|a Sistema de atribucin̤ de responsabilidad penal a las personas jurd̕icas
|h [Recurs electrn̤ico] /
|c Jacinto Přez Arias
|
| 256 |
|
|
|a Servicio en ln̕ea
|
| 260 |
|
|
|a Madrid :
|b Dykinson,
|c DL 2014
|
| 300 |
|
|
|a 1 recurso electrn̤ico
|
| 504 |
|
|
|a Referencias bibliogrf̀icas
|
| 506 |
1 |
|
|a Contenido disponible en los productos indicados
|d vLex Global
|d vLex Global (Academic Edition, excluding Law Schools)
|d vLex Global (U.S. Academic Edition, Law Schools)
|d vLex Global (U.S. Academic Edition, excluding Law Schools)
|d vLex Global (Academic Edition, Law Schools)
|
| 650 |
0 |
4 |
|a Personas jurd̕icas
|x Responsabilidad penal
|z Espaą
|
| 740 |
0 |
|
|a vLex Libros (Servicio en ln̕ea)
|
| 856 |
4 |
0 |
|z Acceso restringido
|u http://vlex.com/source/sistema-atribucion-responsabilidad-penal-personas-juridicas-12691
|
| 942 |
|
|
|c BOOK
|
| 999 |
0 |
|
|a Juristic persons
|